New education and school library (Record no. 1387500)

MARC details
000 -LEADER
fixed length control field 00668nam a2200217Ia 4500
005 - DATE AND TIME OF LATEST TRANSACTION
control field 20250508164206.0
008 - FIXED-LENGTH DATA ELEMENTS--GENERAL INFORMATION
fixed length control field 008 250505s9999 xx 000 0 eng d
037 ## - SOURCE OF ACQUISITION
Stock number Textual
040 ## - CATALOGING SOURCE
Original cataloging agency FEDL
Language of cataloging eng
Transcribing agency FEDL
041 ## - LANGUAGE CODE
Language code of text/sound track or separate title eng
Source of code eng
084 ## - COLON CLASSIFICATION NUMBER
Classification number 027.82, RAN
Assigning agency FEDL
100 ## - MAIN ENTRY--PERSONAL NAME
Personal name Ranganathan S R
245 #0 - TITLE STATEMENT
Title New education and school library
260 ## - PUBLICATION, DISTRIBUTION, ETC.
Place of publication, distribution, etc. Bangalore, India
Name of publisher, distributor, etc. Sarada Ranganathan Endowment for Library Science
Date of publication, distribution, etc. 1973
300 ## - PHYSICAL DESCRIPTION
Extent 510p.
365 ## - TRADE PRICE
Price type code INR
Price amount 875
490 ## - SERIES STATEMENT
Series statement Sarada Ranganathan Endowment for Library Science Series
650 ## - SUBJECT ADDED ENTRY--TOPICAL TERM
Topical term or geographic name entry element School Library
9 (RLIN) 767794
942 ## - ADDED ENTRY ELEMENTS (KOHA)
Koha item type Textual
Classification part 027.82, RAN
Holdings
Withdrawn status Lost status Damaged status Not for loan Home library Current library Date acquired Cost, normal purchase price Total Checkouts Full call number Barcode Date last seen Price effective from Koha item type
        Department of Education Library Department of Education Library 2025-05-08 875.00   027.82, RAN EL0081120 2025-05-08 2025-05-08 Textual
Copyright @ Delhi University Library System